Washington square (Oxford Bookworms 4)

Gardado en:
Detalles Bibliográficos
Autor Principal: Henry James
Formato: Libro
Idioma:Undetermined
Publicado: Oxford Oxford Univ. Press 1997
Những chủ đề:
Các nhãn: Engadir etiqueta
Sen Etiquetas, Sexa o primeiro en etiquetar este rexistro!
Thư viện lưu trữ: Trung tâm Học liệu Trường Đại học Cần Thơ
LEADER 00537nam a2200193Ia 4500
001 CTU_34952
008 210402s9999 xx 000 0 und d
020 |b 21.000đ 
082 |a 813.5 
082 |b J27w 
100 |a Henry James 
245 0 |a Washington square (Oxford Bookworms 4) 
245 0 |c Henry James 
260 |a Oxford 
260 |b Oxford Univ. Press 
260 |c 1997 
650 |a english fiction,english literature - 20th century 
904 |i Minh, 000125 
980 |a Trung tâm Học liệu Trường Đại học Cần Thơ